Famous Houses - Statistics

General Stats
  • This quiz has been taken 763 times
  • The average score is 6 of 15
Answer Stats
Answer % Correct
The White House The President
99%
Graceland Elvis Presley
91%
Windsor Castle The Queen
89%
"Beckingham" Palace David and Victoria Beckham
70%
Monticello Thomas Jefferson
49%
Élysée Palace French President
48%
Tara Plantation Scarlett O'Hara
43%
Southfork Ranch JR Ewing
36%
742 Evergreen Terrace The Simpsons
35%
Chequers Prime Minister
27%
129 West 81st Street, apartment 5A Jerry Seinfeld
18%
Xanadu Charles Foster Kane
16%
Quirinal Palace Italian President
9%
The Manor (Los Angeles) Aaron Spelling
6%
Hell Hall Cruella Deville
6%
No matching quizzes found
Score Distribution
Percent of People with Each Score
Percentile by Number Answered
Your Score History
You have not taken this quiz